| 000 | 00476 a2200169 4500 | ||
|---|---|---|---|
| 020 | _a 9971513978 | ||
| 040 |
_aDLC _bDLC |
||
| 082 | _a515 | ||
| 100 | _aApostol, Tom M. | ||
| 245 |
_a Calculus, Vol. 2 _c Tom M, Apostol. |
||
| 250 | _a2nd ed. | ||
| 260 |
_aSigapore: _b J. Wiley & Sons (Asia) Pte. Ltd., _cc2003. |
||
| 300 |
_avol,ii. xxii, 673 p. : _bill. ; _c 24 cm. |
||
| 500 | _aIncludes Index | ||
| 650 | _a1.Mathematical analysis.2.Calculus. | ||
| 942 |
_cBK _k515 APO _2ddc |
||
| 999 |
_c7508 _d7508 |
||